| Tag |
First Indicator |
Second Indicator |
Subfields |
| LEADER |
00000cam a2200000 a 4500 |
| 001 |
in00000653003 |
| 005 |
20151015070404.0 |
| 008 |
800327s1980 nyua b 10100 engm |
| 010 |
|
|
|a 79065140
|
| 020 |
|
|
|a 0890044856
|
| 035 |
|
|
|a (OCoLC)06194958
|
| 035 |
|
|
|9 ACW6599AM
|
| 040 |
|
|
|a DLC
|c DLC
|d m.c.
|d OCL
|d TXA
|d UtOrBLW
|
| 049 |
|
|
|a TXAM
|c [1328509]
|
| 050 |
0 |
0 |
|a QP552.P4
|b P48
|
| 060 |
|
0 |
|a W1 SO872G v. 35
|a QU68 P4244 1979
|
| 082 |
0 |
|
|a 599.01/92456
|
| 245 |
0 |
0 |
|a Peptides :
|b integrators of cell and tissue function /
|c editor, Floyd E. Bloom.
|
| 264 |
|
1 |
|a New York, N.Y. :
|b Raven Press,
|c [1980]
|
| 264 |
|
4 |
|c ©1980
|
| 300 |
|
|
|a xiii, 257 pages :
|b illustrations ;
|c 25 cm.
|
| 336 |
|
|
|a text
|b txt
|2 rdacontent
|
| 337 |
|
|
|a unmediated
|b n
|2 rdamedia
|
| 338 |
|
|
|a volume
|b nc
|2 rdacarrier
|
| 490 |
1 |
|
|a Society of General Physiologists series ;
|v v. 35
|
| 504 |
|
|
|a Includes bibliographies and index.
|
| 650 |
|
0 |
|a Peptides
|x Physiological effect.
|
| 650 |
|
0 |
|a Peptide hormones
|x Physiological effect.
|
| 650 |
|
0 |
|a Metabolism
|x Regulation.
|
| 650 |
|
2 |
|a Cell Physiological Phenomena
|x Congresses.
|
| 650 |
|
2 |
|a Peptides
|x physiology
|x congresses.
|
| 700 |
1 |
|
|a Bloom, Floyd E.,
|d 1936-
|
| 830 |
|
0 |
|a Society of General Physiologists series ;
|v v. 35.
|
| 999 |
|
|
|a MARS
|
| 999 |
f |
f |
|s bf514a38-1840-3239-b153-321d1359d155
|i 0bd3841f-06b2-3323-bc09-6765aed373fe
|t 0
|
| 952 |
f |
f |
|p ric
|a Texas A&M University
|b Rellis Campus
|c Joint Library Facility
|d Remote Storage
|t 0
|e QP552.P4 P48
|h Library of Congress classification
|i unmediated -- volume
|m A14805024268
|
| 998 |
f |
f |
|a QP552.P4 P48
|t 0
|l Remote Storage
|